00320nam a2200133Ia 45000030006000000080041000060400015000471000022000622450034000842600033001183000006001515460012001570050017001690STCL150530s9999 xx 000 0 und d aSTCLcSTCL aKrishan Agnihotri aSwathantroyatter Hindi Kahani bIndraPrastha Prakashanc1983 a0 aEnglish20220125171310.0